| 000 | 00906nam a2200229 a 4500 | ||
|---|---|---|---|
| 001 | BRCA_216 | ||
| 005 | 20190320202924.0 | ||
| 008 | 980710s1995 mx-a---##b---#000-0#spa-# | ||
| 020 | _a9687318325 | ||
| 040 |
_aDLC _cDLC |
||
| 050 | 4 |
_aZ1412 _b.I49 1995 |
|
| 245 | 1 | 0 |
_aImpresos mexicanos del siglo XVI _blos incunables |
| 260 |
_aMéxico (Ciudad) _bCentro de Estudios de Historia de México CONDUMEX : Museo Soumaya _c[1995] |
||
| 300 |
_a75 p. _bil. _c28 cm. |
||
| 500 | _aCatálogo de la exposición realizada en el Museo Soumaya (Ciudad de México), 17 agosto-29 septiembre, 1995 | ||
| 504 | _aBibliografía: p. 75 | ||
| 610 | 2 | 4 |
_aCentro de Estudios de Historia de México Condumex (CARSO) _bArchivo Histórico _vCatálogos _9752 |
| 650 | 1 | 4 |
_aLibros impresos tempranos _vBibliografía _ySiglo XVI _zMéxico _9753 |
| 653 | 0 | _aIncunables mexicanos | |
| 653 | 0 | _aAcervo - CONDUMEX - CARSO | |
| 942 |
_2lcc _cB |
||
| 999 |
_c177 _d177 |
||